[Event "Niedersachsen-ch open"]
[Site "Verden"]
[Date "2010.01.04"]
[Round "3.36"]
[White "Schumacher, Klaus"]
[Black "Hurink, Maarten"]
[Result "1/2-1/2"]
[WhiteElo "1884"]
[BlackElo "1846"]
[PlyCount "56"]
[EventDate "2010.01.03"]
[EventType "swiss"]
[EventRounds "7"]
[EventCountry "GER"]
[SourceTitle "EXT 2012"]
[Source "ChessBase"]
[SourceDate "2011.11.24"]
[SourceVersion "1"]
[SourceVersionDate "2011.11.24"]
[SourceQuality "1"]

1. e4 c5 2. Nf3 d6 3. d4 cxd4 4. Nxd4 Nf6 5. Nc3 a6 6. Bd3 e5 7. Nf3 Be6 8. 0-0 Nbd7 9. b3 Be7 10. Bb2 Nc5 11. Re1 0-0 12. Nd5 Bxd5 13. exd5 Nxd3 14. Qxd3 e4 15. Qe3 exf3 16. Qxe7 Nxd5 17. Qxd8 Rfxd8 18. gxf3 Rac8 19. c4 Nb4 20. Re7 Rb8 21. Bc3 Nc6 22. Re4 f6 23. Rae1 Kf7 24. Kg2 d5 25. cxd5 Rxd5 26. f4 Rbd8 27. Bb2 Rd2 28. R1e2 Rxe2 1/2-1/2

[Event "Niedersachsen-ch U18"]
[Site "Rotenburg"]
[Date "2009.04.07"]
[Round "5"]
[White "Hurink, Maarten"]
[Black "Bor, Tobias"]
[Result "0-1"]
[WhiteElo "1873"]
[BlackElo "1964"]
[PlyCount "82"]
[EventDate "2009.04.04"]
[EventType "swiss"]
[EventRounds "9"]
[EventCountry "GER"]
[SourceTitle "EXT 2010"]
[Source "ChessBase"]
[SourceDate "2010.11.25"]
[SourceVersion "1"]
[SourceVersionDate "2010.11.25"]
[SourceQuality "1"]

1. d4 f5 2. c4 Nf6 3. Nc3 g6 4. Nf3 Bg7 5. Bg5 0-0 6. e3 d6 7. h4 Qe8 8. Qc2 c6 9. d5 Na6 10. Nd4 Nc7 11. Bxf6 Bxf6 12. g3 e5 13. dxe6 Nxe6 14. Nde2 Nc5 15. Rd1 Qe7 16. Bg2 Be6 17. b3 Rad8 18. 0-0 Nd7 19. Nd4 Bf7 20. Nf3 Ne5 21. Rd2 Ng4 22. Bh3 Nxe3 23. fxe3 Qxe3+ 24. Kh2 Qxc3 25. Qd1 d5 26. cxd5 Rxd5 27. Rxd5 Bxd5 28. Bg2 Qb2 29. Qb1 Qxb1 30. Rxb1 Re8 31. Re1 Rxe1 32. Nxe1 Bxg2 33. Kxg2 Kf7 34. Nd3 Bd4 35. Kf3 Kf6 36. Kf4 h6 37. h5 g5+ 38. Kf3 g4+ 39. Kg2 Bb6 40. Kf1 Bc7 41. Kf2 Kg5 0-1

[Event "Niedersachsen-ch U18"]
[Site "Rotenburg"]
[Date "2009.04.04"]
[Round "1"]
[White "Hurink, Maarten"]
[Black "Bradler, Stephan"]
[Result "0-1"]
[WhiteElo "1873"]
[BlackElo "2006"]
[PlyCount "64"]
[EventDate "2009.04.04"]
[EventType "swiss"]
[EventRounds "9"]
[EventCountry "GER"]
[SourceTitle "EXT 2010"]
[Source "ChessBase"]
[SourceDate "2010.11.25"]
[SourceVersion "1"]
[SourceVersionDate "2010.11.25"]
[SourceQuality "1"]

1. d4 Nf6 2. Nf3 g6 3. Bg5 Bg7 4. Nbd2 c5 5. c3 cxd4 6. cxd4 Qa5 7. Qc2 Nc6 8. e3 d6 9. Be2 Bf5 10. Qc3 Nb4 11. 0-0 Nfd5 12. Qc4 Rc8 13. Qb5+ Qxb5 14. Bxb5+ Bd7 15. Bxd7+ Kxd7 16. e4 h6 17. Bh4 Nf4 18. e5 Rc2 19. exd6 exd6 20. Rfe1 g5 21. Bg3 Nfd3 22. Re2 f5 23. a3 Nd5 24. h3 Rhc8 25. Ne1 Nc1 26. Rxc1 Rxc1 27. Nb3 Rb1 28. f3 Rc6 29. Rd2 Ne3 30. Bf2 Nc4 31. Rd3 Nxb2 32. Rd2 Rc3 0-1

[Event "Niedersachsen-ch op"]
[Site "Verden"]
[Date "2009.01.05"]
[Round "6"]
[White "Schoknecht, Sabine"]
[Black "Hurink, Maarten"]
[Result "0-1"]
[WhiteElo "1749"]
[BlackElo "1917"]
[PlyCount "90"]
[EventDate "2009.01.03"]
[EventType "swiss"]
[EventRounds "7"]
[EventCountry "GER"]
[SourceTitle "EXT 2012"]
[Source "ChessBase"]
[SourceDate "2011.11.24"]
[SourceVersion "1"]
[SourceVersionDate "2011.11.24"]
[SourceQuality "1"]

1. d4 d5 2. c3 Nf6 3. Nf3 Bf5 4. Bf4 h6 5. e3 e6 6. Bd3 Bxd3 7. Qxd3 Nh5 8. Nbd2 Nd7 9. 0-0 Be7 10. Rae1 0-0 11. Bg3 Nxg3 12. fxg3 c5 13. e4 dxe4 14. Qxe4 cxd4 15. Nxd4 Qb6 16. Nc4 Qc5 17. b3 b5 18. Ne5 Nxe5 19. Qxe5 a6 20. Qe3 Rac8 21. Rf3 Bf6 22. Kh1 Rfd8 23. Ref1 Rc7 24. Qf2 Rdd7 25. h4 Bxd4 26. cxd4 Qc2 27. Rf4 Qxf2 28. R1xf2 Rc1+ 29. Kh2 Rd1 30. Rc2 R1xd4 31. Rc6 a5 32. Ra6 e5 33. Rf2 a4 34. Rb6 axb3 35. axb3 Rb4 36. Rf3 e4 37. Re3 Rd3 38. Re1 e3 39. Rb8+ Kh7 40. Kg1 Rbxb3 41. Re8 b4 42. g4 Rbc3 43. Re7 f6 44. h5 b3 45. Re2 Rc2 0-1

[Event "Niedersachsen-ch op"]
[Site "Verden"]
[Date "2009.01.03"]
[Round "2"]
[White "Hurink, Maarten"]
[Black "Langer, Michael Sebastian"]
[Result "1/2-1/2"]
[WhiteElo "1917"]
[BlackElo "2013"]
[PlyCount "30"]
[EventDate "2009.01.03"]
[EventType "swiss"]
[EventRounds "7"]
[EventCountry "GER"]
[SourceTitle "EXT 2012"]
[Source "ChessBase"]
[SourceDate "2011.11.24"]
[SourceVersion "1"]
[SourceVersionDate "2011.11.24"]
[SourceQuality "1"]

1. d4 d5 2. c4 c6 3. Nf3 Nf6 4. Bf4 a6 5. cxd5 cxd5 6. e3 Nc6 7. Bd3 Bg4 8. Nbd2 e6 9. a3 Bd6 10. Bxd6 Qxd6 11. 0-0 0-0 12. Rc1 Rfc8 13. h3 Bh5 14. Qc2 Qd8 15. Qb1 Bg6 1/2-1/2

[Event "GER-chT U16"]
[Site "Bingen"]
[Date "2008.12.28"]
[Round "3.3"]
[White "Hurink, Maarten"]
[Black "Bollmann, Laslo"]
[Result "1/2-1/2"]
[WhiteElo "1790"]
[BlackElo "1626"]
[PlyCount "118"]
[EventDate "2008.12.27"]
[EventType "team-swiss"]
[EventRounds "7"]
[EventCountry "GER"]
[SourceTitle "EXT 2010"]
[Source "ChessBase"]
[SourceDate "2010.11.25"]
[SourceVersion "1"]
[SourceVersionDate "2010.11.25"]
[SourceQuality "1"]
[WhiteTeam "Nordhorn Blanke U16"]
[BlackTeam "Graefelfing SK U16"]
[WhiteTeamCountry "GER"]
[BlackTeamCountry "GER"]

1. Nf3 Nf6 2. d4 g6 3. Bg5 Bg7 4. Nbd2 d5 5. e3 0-0 6. c4 c6 7. Bd3 Nbd7 8. 0-0 h6 9. Bh4 Re8 10. Qc2 g5 11. Bg3 Nh5 12. cxd5 Nxg3 13. dxc6 Ne5 14. cxb7 Bxb7 15. hxg3 Nxd3 16. Qxd3 e5 17. Qb3 Rb8 18. Qa3 exd4 19. exd4 Bxd4 20. Nxd4 Qxd4 21. Nf3 Bxf3 22. gxf3 Rxb2 23. Rad1 Qb6 24. Rd6 Qb8 25. Rxh6 Kg7 26. Ra6 Ree2 27. Kg2 Qd8 28. Qc3+ f6 29. Rxa7+ Kh6 30. Qc4 Rxf2+ 31. Rxf2 Rxf2+ 32. Kxf2 Qb6+ 33. Ke2 Qxa7 34. a4 Qe7+ 35. Qe4 Qd6 36. f4 g4 37. f5 Kh5 38. Qh1+ Kg5 39. Qh4+ Kxf5 40. Qh5+ Ke4 41. Qxg4+ Kd5 42. Qf4 Qe6+ 43. Kd3 Qa6+ 44. Kc3 Qa5+ 45. Kb3 Qb6+ 46. Qb4 Qe3+ 47. Qc3 Qb6+ 48. Ka3 Qd6+ 49. Ka2 Ke4 50. a5 Kf5 51. Kb3 Kg6 52. Ka4 Qd7+ 53. Kb4 Qd6+ 54. Kb5 Qd5+ 55. Kb6 Qd6+ 56. Kb7 Qd5+ 57. Kb6 Qd6+ 58. Qc6 Qd4+ 59. Kc7 Qa7+ 1/2-1/2

[Event "GER-chT U16"]
[Site "Bingen"]
[Date "2008.12.27"]
[Round "2.3"]
[White "Huhnstock, Rico"]
[Black "Hurink, Maarten"]
[Result "1-0"]
[WhiteElo "1876"]
[BlackElo "1790"]
[PlyCount "47"]
[EventDate "2008.12.27"]
[EventType "team-swiss"]
[EventRounds "7"]
[EventCountry "GER"]
[SourceTitle "EXT 2010"]
[Source "ChessBase"]
[SourceDate "2010.11.25"]
[SourceVersion "1"]
[SourceVersionDate "2010.11.25"]
[SourceQuality "1"]
[WhiteTeam "Segeberg SF U16"]
[BlackTeam "Nordhorn Blanke U16"]
[WhiteTeamCountry "GER"]
[BlackTeamCountry "GER"]

1. e4 d5 2. exd5 Qxd5 3. Nc3 Qa5 4. d4 c6 5. Bd2 Nf6 6. Bc4 Bf5 7. Nf3 e6 8. Qe2 Bb4 9. Ne5 Nbd7 10. 0-0-0 Nxe5 11. dxe5 Nd7 12. f4 0-0-0 13. g4 Bg6 14. Rhf1 h6 15. f5 exf5 16. gxf5 Bh7 17. Bxf7 Qxe5 18. Qxe5 Nxe5 19. Be6+ Nd7 20. Ne4 Bxd2+ 21. Rxd2 Kc7 22. Rg1 g5 23. fxg6 Bg8 24. Rxd7+ 1-0

[Event "GER North-chT U16"]
[Site "Verden an der Aller"]
[Date "2008.09.14"]
[Round "6.3"]
[White "Von Karger, Viktor"]
[Black "Hurink, Maarten"]
[Result "0-1"]
[WhiteElo "1519"]
[BlackElo "1829"]
[PlyCount "76"]
[EventDate "2008.09.12"]
[EventType "team-swiss"]
[EventRounds "6"]
[EventCountry "GER"]
[SourceTitle "EXT 2011"]
[Source "ChessBase"]
[SourceDate "2010.11.26"]
[SourceVersion "1"]
[SourceVersionDate "2010.11.26"]
[SourceQuality "1"]
[WhiteTeam "Kiel Doppelbauer"]
[BlackTeam "Nordhorn Blanke U16"]
[WhiteTeamCountry "GER"]
[BlackTeamCountry "GER"]

1. d4 d5 2. c4 c6 3. e3 Nf6 4. Nf3 Nbd7 5. Nc3 e6 6. Bd2 Be7 7. Qc2 0-0 8. h3 Qc7 9. g4 e5 10. g5 exd4 11. exd4 Nh5 12. cxd5 cxd5 13. Bd3 Nb6 14. Bxh7+ Kh8 15. Nb5 Qxc2 16. Bxc2 Bd7 17. Nc3 Bd6 18. Bb3 Rfe8+ 19. Kd1 Rac8 20. a4 Nf4 21. Bxf4 Bxf4 22. a5 Nc4 23. Ra2 Nxb2+ 24. Rxb2 Rxc3 25. Nd2 Bb5 26. Re1 Rec8 27. Bc2 Ba6 28. h4 Kg8 29. Nb3 b6 30. axb6 axb6 31. Re7 Rh3 32. Bf5 Rxb3 33. Bxc8 Rxb2 34. Bxa6 Rxf2 35. Rb7 Rb2 36. Be2 Rd2+ 37. Ke1 Rxd4 38. Rxb6 Bg3+ 0-1

[Event "Niedersachsen-chT U16"]
[Site "Verden an der Aller"]
[Date "2008.05.01"]
[Round "1.2"]
[White "Krause, Maximilian"]
[Black "Hurink, Maarten"]
[Result "0-1"]
[WhiteElo "1427"]
[BlackElo "1728"]
[PlyCount "44"]
[EventDate "2008.05.01"]
[EventType "team"]
[EventRounds "7"]
[EventCountry "GER"]
[SourceTitle "EXT 2009"]
[Source "ChessBase"]
[SourceDate "2008.11.26"]
[SourceVersion "1"]
[SourceVersionDate "2008.11.26"]
[SourceQuality "1"]

1. d4 d5 2. c4 c6 3. Bf4 Nf6 4. Nc3 dxc4 5. a4 Qb6 6. Qd2 e6 7. e3 Bb4 8. Qc2 Nd5 9. Bg3 Qa5 10. Rc1 b5 11. axb5 cxb5 12. e4 Nf6 13. Be2 Bb7 14. Bf3 Nc6 15. Nge2 Rd8 16. Rd1 Qb6 17. e5 Nd5 18. 0-0 Nce7 19. Ne4 Nf5 20. Bg4 Nde7 21. Nc5 Nxd4 22. Nxd4 Bxc5 0-1

[Event "Niedersachsen-ch U16"]
[Site "Rotenburg"]
[Date "2008.03.20"]
[Round "9"]
[White "Hurink, Maarten"]
[Black "Althoff, Simon"]
[Result "1/2-1/2"]
[WhiteElo "1662"]
[BlackElo "1442"]
[PlyCount "56"]
[EventDate "2008.03.15"]
[EventType "swiss"]
[EventRounds "9"]
[EventCountry "GER"]
[SourceTitle "EXT 2009"]
[Source "ChessBase"]
[SourceDate "2008.11.26"]
[SourceVersion "1"]
[SourceVersionDate "2008.11.26"]
[SourceQuality "1"]

1. d4 d5 2. c4 e6 3. Nc3 Nf6 4. Bg5 Be7 5. e3 0-0 6. Nf3 h6 7. Bh4 b6 8. Qc2 Bb7 9. Rd1 Nbd7 10. Be2 c5 11. cxd5 Nxd5 12. Bxe7 Qxe7 13. 0-0 Rac8 14. Nxd5 exd5 15. dxc5 bxc5 16. Rd2 Rfe8 17. Rfd1 Qe6 18. Qb3 Qb6 19. Qa4 Bc6 20. Qa6 Bb7 21. Qa3 Re7 22. h3 Nf6 23. Rc2 Rec7 24. Rc3 Qd6 25. Rc2 Qe6 26. Rc3 Qd6 27. Rc2 Qb6 28. Rc3 Qe6 1/2-1/2

[Event "Niedersachsen-ch U16"]
[Site "Rotenburg"]
[Date "2008.03.20"]
[Round "8"]
[White "Kaiser, Jonas"]
[Black "Hurink, Maarten"]
[Result "1-0"]
[WhiteElo "1786"]
[BlackElo "1662"]
[PlyCount "79"]
[EventDate "2008.03.15"]
[EventType "swiss"]
[EventRounds "9"]
[EventCountry "GER"]
[SourceTitle "EXT 2009"]
[Source "ChessBase"]
[SourceDate "2008.11.26"]
[SourceVersion "1"]
[SourceVersionDate "2008.11.26"]
[SourceQuality "1"]

1. d4 d5 2. c4 c6 3. cxd5 cxd5 4. Nc3 Nf6 5. Bf4 g6 6. e3 Bg7 7. Nf3 0-0 8. Bd3 Nc6 9. 0-0 Bd7 10. Rc1 e6 11. Bd6 Re8 12. Nb5 Bf8 13. Bc7 Qe7 14. Nd6 Reb8 15. Bxb8 Rxb8 16. Nb5 a6 17. Nc3 Nb4 18. Be2 Rc8 19. Ne5 Bh6 20. a3 Nc6 21. Nxd7 Nxd7 22. Na4 Qd8 23. b4 Bf8 24. Qb3 h5 25. Rc2 h4 26. h3 f5 27. Rfc1 g5 28. Qc3 Nf6 29. Qe1 Bd6 30. Bxa6 bxa6 31. Rxc6 Rxc6 32. Rxc6 g4 33. Rxa6 gxh3 34. gxh3 Ne4 35. Qf1 Kh8 36. Nc5 Nd2 37. Qg2 Bxc5 38. bxc5 Qb8 39. Rb6 Qa7 40. Qg6 1-0

[Event "Twente Young Master op-B"]
[Site "Twente"]
[Date "2007.08.11"]
[Round "9"]
[White "Hurink, Maarten"]
[Black "Gorter, Eva"]
[Result "1-0"]
[WhiteElo "1646"]
[BlackElo "1673"]
[PlyCount "93"]
[EventDate "2007.08.06"]
[EventType "swiss"]
[EventRounds "9"]
[EventCountry "NED"]
[SourceTitle "EXT 2008"]
[Source "ChessBase"]
[SourceDate "2007.11.25"]
[SourceVersion "1"]
[SourceVersionDate "2007.11.25"]
[SourceQuality "1"]

1. d4 Nf6 2. Nf3 g6 3. Bg5 Bg7 4. Nbd2 0-0 5. e4 d6 6. Bc4 d5 7. Bd3 dxe4 8. Nxe4 Nc6 9. c3 Qd5 10. Nxf6+ exf6 11. Be3 Ne7 12. 0-0 Nf5 13. Bf4 Nd6 14. Re1 Be6 15. b3 Ne8 16. Qe2 Qd8 17. c4 c6 18. Rad1 Nc7 19. Qd2 Qc8 20. Qa5 b6 21. Qa4 Bd7 22. Qa3 Re8 23. Rxe8+ Bxe8 24. Bb1 Ne6 25. Bg3 Qb7 26. d5 Rd8 27. Bd6 Nc7 28. Be7 Rd7 29. d6 c5 30. Re1 Ne6 31. Be4 Qc8 32. Qc1 Bf8 33. Bxf6 Rxd6 34. Be5 Rd8 35. Rd1 Bd7 36. h3 Ng7 37. Bd5 Re8 38. Bf6 Ne6 39. Qd2 Qc7 40. Be5 Qc8 41. Bf6 Qc7 42. Be5 Qc8 43. Bb2 Re7 44. Bxe6 Bxe6 45. Qc3 f6 46. Qxf6 Rg7 47. Rd8 1-0

[Event "Twente Young Master op-B"]
[Site "Twente"]
[Date "2007.08.07"]
[Round "2"]
[White "Hurink, Maarten"]
[Black "Slagter, Ruben"]
[Result "0-1"]
[WhiteElo "1646"]
[BlackElo "1920"]
[PlyCount "80"]
[EventDate "2007.08.06"]
[EventType "swiss"]
[EventRounds "9"]
[EventCountry "NED"]
[SourceTitle "EXT 2008"]
[Source "ChessBase"]
[SourceDate "2007.11.25"]
[SourceVersion "1"]
[SourceVersionDate "2007.11.25"]
[SourceQuality "1"]

1. d4 d5 2. c4 dxc4 3. Nf3 Nd7 4. e4 Nb6 5. Ne5 Nf6 6. Nc3 e6 7. a3 Be7 8. Bf4 0-0 9. Nxc4 Nxc4 10. Bxc4 b6 11. 0-0 Bb7 12. Re1 Qd7 13. Qd3 Rfd8 14. Rad1 a6 15. a4 Bb4 16. f3 c5 17. dxc5 Bxc5+ 18. Kf1 Qe7 19. Qe2 e5 20. Bg5 h6 21. Bxf6 Qxf6 22. Bd5 Bxd5 23. Nxd5 Qh4 24. g3 Qh3+ 25. Qg2 Qh5 26. b4 Bd4 27. Rc1 Kh8 28. Rc6 Rac8 29. Rec1 Rxc6 30. Rxc6 f5 31. Qe2 fxe4 32. fxe4 Rf8+ 33. Ke1 Qg5 34. Rc2 Qg6 35. Kd1 Rf2 36. Qd3 Qh5+ 37. Kc1 Qxh2 38. Rxf2 Qxf2 39. Qxa6 Qe1+ 40. Kc2 Qxe4+ 0-1

[Event "Niedersachsen-chT U16"]
[Site "Stade"]
[Date "2007.05.19"]
[Round "6.3"]
[White "Freitag, Florian"]
[Black "Hurink, Maarten"]
[Result "0-1"]
[WhiteElo "961"]
[BlackElo "1655"]
[PlyCount "100"]
[EventDate "2007.05.17"]
[EventType "team-tourn"]
[EventRounds "7"]
[EventCountry "GER"]
[SourceTitle "EXT 2008"]
[Source "ChessBase"]
[SourceDate "2007.11.25"]
[SourceVersion "1"]
[SourceVersionDate "2007.11.25"]
[SourceQuality "1"]

1. e4 c5 2. Nf3 a6 3. c3 e6 4. d4 d5 5. e5 Bd7 6. Be2 Nc6 7. a3 cxd4 8. cxd4 Na7 9. 0-0 Bb5 10. Nc3 Bxe2 11. Qxe2 Ne7 12. Bd2 Nf5 13. Rac1 Nc6 14. Be3 Be7 15. Rfd1 0-0 16. Na4 Rc8 17. b4 Qd7 18. Nb6 Qc7 19. Nxc8 Rxc8 20. g3 Qd8 21. Qd2 Rb8 22. h4 Ra8 23. Ra1 Qe8 24. Kg2 Qf8 25. Rdb1 Na7 26. Qc3 Rc8 27. Qb2 b5 28. Rc1 Qe8 29. Rxc8 Nxc8 30. Rc1 Nb6 31. Bg5 Nc4 32. Qc2 Bxg5 33. Nxg5 Nfe3+ 34. fxe3 Nxe3+ 35. Kf3 Nxc2 36. Rxc2 h6 37. Nh3 Qd7 38. g4 Qa7 39. Ke3 a5 40. g5 axb4 41. g6 fxg6 42. Nf4 b3 43. Rc3 b2 44. Nxg6 b1Q 45. Rc8+ Kf7 46. h5 Qe4+ 47. Kd2 Qaxd4+ 48. Kc1 Qa1+ 49. Kd2 Qb2+ 50. Kd1 Qee2# 0-1

[Event "Niedersachsen-chT U16"]
[Site "Stade"]
[Date "2007.05.19"]
[Round "5.3"]
[White "Teichert, Kevin"]
[Black "Hurink, Maarten"]
[Result "0-1"]
[WhiteElo "1073"]
[BlackElo "1655"]
[PlyCount "100"]
[EventDate "2007.05.17"]
[EventType "team-tourn"]
[EventRounds "7"]
[EventCountry "GER"]
[SourceTitle "EXT 2008"]
[Source "ChessBase"]
[SourceDate "2007.11.25"]
[SourceVersion "1"]
[SourceVersionDate "2007.11.25"]
[SourceQuality "1"]

1. e4 c5 2. Nf3 a6 3. Nc3 Nc6 4. d4 cxd4 5. Nxd4 e5 6. Nxc6 bxc6 7. Bc4 Bc5 8. Qh5 Qf6 9. 0-0 g6 10. Qg5 Qxg5 11. Bxg5 h6 12. Be3 Bxe3 13. fxe3 Rh7 14. Rf2 h5 15. Na4 Rb8 16. Raf1 Nh6 17. b3 a5 18. Nc5 Ra8 19. Nd3 d6 20. Rf6 Ke7 21. Nb2 Ra7 22. Na4 Ba6 23. Nb6 Bxc4 24. Nxc4 Ng4 25. R6f3 Ra6 26. h3 Nh6 27. a3 f5 28. exf5 Nxf5 29. c3 e4 30. Rf4 d5 31. g4 hxg4 32. Ne5 c5 33. hxg4 Nxe3 34. Rf7+ Rxf7 35. Rxf7+ Ke6 36. Rc7 Kxe5 37. Rxc5 Nxg4 38. c4 Ne3 39. cxd5 Nxd5 40. Kf2 Kd4 41. Rc4+ Kd3 42. Ke1 e3 43. Rc5 Nf4 44. Rg5 Rc6 45. Kd1 e2+ 46. Ke1 Rc1+ 47. Kf2 e1Q+ 48. Kf3 Qe3+ 49. Kg4 Rg1+ 50. Kh4 Qh3# 0-1

[Event "Niedersachsen-ch op"]
[Site "Verden"]
[Date "2007.01.04"]
[Round "1"]
[White "Hurink, Maarten"]
[Black "Wickert, Detlef"]
[Result "1-0"]
[WhiteElo "1519"]
[BlackElo "2026"]
[PlyCount "73"]
[EventDate "2007.01.04"]
[EventType "swiss"]
[EventRounds "7"]
[EventCountry "GER"]
[SourceTitle "EXT 2021"]
[Source "ChessBase"]
[SourceDate "2020.10.23"]
[SourceVersion "1"]
[SourceVersionDate "2020.10.23"]
[SourceQuality "1"]

1. d4 d5 2. c4 e6 3. Nc3 Nf6 4. Bg5 Be7 5. Nf3 0-0 6. e3 h6 7. Bh4 b6 8. cxd5 exd5 9. Bd3 Bb7 10. 0-0 Nbd7 11. Rc1 c5 12. Na4 c4 13. Bb1 b5 14. Nc3 b4 15. Ne2 Rc8 16. Qc2 Re8 17. Bg3 a5 18. Ne5 Nf8 19. Qa4 Bd6 20. Bf5 Rc7 21. Qxa5 g6 22. Bb1 Ne4 23. Bxe4 dxe4 24. Nxc4 Bxg3 25. hxg3 Qe7 26. Ne5 Rxc1 27. Rxc1 Ra8 28. Qc7 Qxc7 29. Rxc7 Bd5 30. Nc1 h5 31. b3 Ra6 32. Rc5 Be6 33. Rc6 Ra7 34. Kf1 Nd7 35. Nxg6 Bxb3 36. Ne7+ Kf8 37. Nc8 1-0

[Event "GER North-chT U16"]
[Site "Magdeburg"]
[Date "2006.08.27"]
[Round "3.3"]
[White "Tenninger, Marc"]
[Black "Hurink, Maarten"]
[Result "1/2-1/2"]
[WhiteElo "1622"]
[BlackElo "1523"]
[PlyCount "131"]
[EventDate "2006.08.26"]
[EventType "team"]
[EventRounds "7"]
[EventCountry "GER"]
[SourceTitle "EXT 2007"]
[Source "ChessBase"]
[SourceDate "2006.11.23"]
[SourceVersion "1"]
[SourceVersionDate "2006.11.23"]
[SourceQuality "1"]

1. c4 e6 2. Nc3 d5 3. cxd5 exd5 4. d4 Nf6 5. Bg5 Be7 6. e3 Bf5 7. Nf3 h6 8. Bh4 c6 9. Bd3 Bxd3 10. Qxd3 Nbd7 11. 0-0 0-0 12. a3 a5 13. Rab1 Bd6 14. Rfc1 Re8 15. Rc2 Rc8 16. Rbc1 Qc7 17. Nb5 Qb8 18. Nxd6 Qxd6 19. Qb3 Qc7 20. Nd2 Ng4 21. Bg3 Qb6 22. Qxb6 Nxb6 23. b4 axb4 24. axb4 Nf6 25. h3 Nfd7 26. Bd6 Ra8 27. Bc5 Ra4 28. Rb2 Rea8 29. Bxb6 Nxb6 30. b5 cxb5 31. Rxb5 Nc4 32. Nxc4 Rxc4 33. Rcb1 Rac8 34. Rxb7 R4c7 35. Rb8 Kh7 36. Rxc8 Rxc8 37. Rb7 Kg6 38. Rd7 Rc1+ 39. Kh2 Rc2 40. Kg3 h5 41. Rxd5 h4+ 42. Kf3 f5 43. Rc5 Rb2 44. Rc3 Rd2 45. Rc1 Kh5 46. g3 g6 47. Re1 g5 48. gxh4 Kxh4 49. Re2 Rd1 50. Kg2 Rd3 51. e4 f4 52. Re1 Rxd4 53. e5 Rd7 54. e6 Re7 55. Re4 Kh5 56. Kf3 Kg6 57. Kg4 Kf6 58. f3 Kg6 59. h4 gxh4 60. Kxh4 Kf5 61. Kh3 Kg5 62. Kg2 Kf5 63. Kf2 Rxe6 64. Rxe6 Kxe6 65. Ke2 Ke5 66. Kd3 1/2-1/2

[Event "GER North-chT U16"]
[Site "Magdeburg"]
[Date "2006.08.26"]
[Round "1.3"]
[White "Meise, Leonard"]
[Black "Hurink, Maarten"]
[Result "1-0"]
[WhiteElo "1833"]
[BlackElo "1523"]
[PlyCount "67"]
[EventDate "2006.08.26"]
[EventType "team"]
[EventRounds "7"]
[EventCountry "GER"]
[SourceTitle "EXT 2007"]
[Source "ChessBase"]
[SourceDate "2006.11.23"]
[SourceVersion "1"]
[SourceVersionDate "2006.11.23"]
[SourceQuality "1"]

1. e4 e6 2. d3 d5 3. Qe2 Ne7 4. Nf3 b6 5. g3 Bb7 6. Bg2 dxe4 7. dxe4 Ng6 8. 0-0 Nc6 9. Rd1 Qf6 10. Nc3 h6 11. Nb5 Rc8 12. Bd2 Bc5 13. Bc3 e5 14. Bh3 Rd8 15. Nxc7+ Kf8 16. Nd5 Qd6 17. Bf5 Qb8 18. Bxg6 fxg6 19. Nh4 Rd6 20. Qg4 Bc8 21. Nxg6+ Kg8 22. Nge7+ Nxe7 23. Nxe7+ Kh7 24. Nxc8 Qxc8 25. Qxc8 Rxc8 26. Rxd6 Bxd6 27. Rd1 Bb8 28. Rd5 Re8 29. Rd7 Kg6 30. g4 Rf8 31. Kg2 Rc8 32. f4 a6 33. Rb7 b5 34. f5+ 1-0

[Event "Niedersachsen-ch U14"]
[Site "Rotenburg/Wuemme"]
[Date "2006.04.13"]
[Round "7"]
[White "Gersch, Andre"]
[Black "Hurink, Maarten"]
[Result "1-0"]
[WhiteElo "1577"]
[BlackElo "1400"]
[PlyCount "41"]
[EventDate "2006.04.08"]
[EventType "swiss"]
[EventRounds "9"]
[EventCountry "GER"]
[SourceTitle "EXT 2007"]
[Source "ChessBase"]
[SourceDate "2006.11.23"]
[SourceVersion "1"]
[SourceVersionDate "2006.11.23"]
[SourceQuality "1"]

1. e4 e6 2. d4 d5 3. e5 c5 4. c3 Nc6 5. Nf3 Qb6 6. Bd3 Bd7 7. dxc5 Bxc5 8. 0-0 Nge7 9. b4 Nxb4 10. cxb4 Bd4 11. Nxd4 Qxd4 12. Qb3 Qxe5 13. Bb2 Qg5 14. Nd2 Nc6 15. Nf3 Qd8 16. Rfe1 0-0 17. Qc3 f6 18. Ng5 d4 19. Bxh7+ Kh8 20. Qh3 e5 21. Bf5+ 1-0